000 00449nam a2200181 a 4500
001 0487
005 20140414131908.0
008 040117s19uu xx 00 eng d
020 _a0-7214-1874-0
050 _aER
_bAb1 1997
100 _aClark, Lesley
245 _aA B C /
_cLesley Clark.
260 _aU.K :
_bLadybird,
_c1997.
300 _ap. ; cm.
440 _aFirst steps
650 _aAlphabets
_xjuvenile literature.
999 _c111068
_d111068